00872cam a2200181 a 450000100100000000500170001000800410002704000250006810000350009324501540012826000490028230000210033149000810035250400720043383000630050595201050056899900170067300001920820200929165942.0940127s1991 fr b 001 0 fre  aDO-SdBNPbspacBNPHU1 aRomer, Jean-Christophe.94132813aLa guerre nucleaire de Staline a Khrouchtchev :bessai sur la constitution d'une culture strategique en URSS, 1945-1965 /cpar Jean-Christophe Romer. aParis :bPublications de la Sorbonne,c1991. a408 p. ;c25 cm.1 ainternationale / Universite de Paris I (Pantheon-Sorbonne),x0768-1984 ;v38 aIncluye índice Includes bibliographical references (p. [367]-403) 0aPublications de la Sorbonne.pinternationale ;v38.941329 001050718MOaGRbGRcCTd2010-05-28iLF1l0o p19208-10r2020-06-25w2020-06-25y1ZNo se presta c18726d18726